000
00225 a2200097 4500
001
13248
100
_a
Bawa,H.S
245
_a
Drilling, Reaming and Thread Cutting
260
_a
_b
Sterling Pub Ltd
_c
1999
090
_c
10240
_d
10240
942
_a
NUST-CAE
_c
M
_c
271
999
_c
248321
_d
248321